| 000 | 01315cam a2200337 a 4500 | ||
|---|---|---|---|
| 001 | 1846 | ||
| 003 | FISKH | ||
| 005 | 20231009151532.0 | ||
| 008 | 041118s2005 nyua j b 001 0deng | ||
| 010 | _a 2004060732 | ||
| 020 | _a9780805075281 (alk. paper) | ||
| 020 | _a0805075283 (alk. paper) | ||
| 040 |
_aDLC _cDLC _dDLC _beng |
||
| 050 | 0 | 0 |
_aCT9980 _b.P37 2005 |
| 082 | 0 | 0 |
_a001.9/5 _222 |
| 100 | 1 | _aPascoe, Elaine. | |
| 245 | 1 | 0 |
_aFooled you! : _bfakes and hoaxes through the years / _cElaine Pascoe ; with illustrations by Laurie Keller. |
| 250 | _a1st ed. | ||
| 260 |
_aNew York : _bScholastic, _c2005. |
||
| 300 |
_a86 pages : _billustrations ; _c22 cm. |
||
| 504 | _aZ | ||
| 521 | 8 |
_a1000
_bLexile |
|
| 521 | 8 |
_aZ
_bRaz-Plus |
|
| 650 | 0 |
_aImpostors and imposture _vJuvenile literature. |
|
| 700 | 1 |
_aKeller, Laurie. _eillustrator |
|
| 856 | 4 | 2 |
_3Contributor biographical information _uhttp://www.loc.gov/catdir/enhancements/fy0618/2004060732-b.html |
| 856 | 4 | 2 |
_3Publisher description _uhttp://www.loc.gov/catdir/enhancements/fy0618/2004060732-d.html |
| 906 |
_a7 _bcbc _corignew _d1 _eocip _f20 _gy-gencatlg |
||
| 942 |
_2ddc _cBK _n0 |
||
| 999 |
_c1846 _d1846 |
||